Gargantúa

में बचाया:
ग्रंथसूची विवरण
मुख्य लेखक: Rabelais
स्वरूप: पुस्तक
भाषा:Undetermined
प्रकाशित: París, Francia Hachette 1974
विषय:
टैग: टैग जोड़ें
कोई टैग नहीं, इस रिकॉर्ड को टैग करने वाले पहले व्यक्ति बनें!

MARC

LEADER 00000nam a2200000Ia 4500
008 170316s9999 xx 000 0 und d
040 |a cru BVZT 
090 |a 840 R-1g 
100 |a Rabelais 
245 |a Gargantúa 
260 |a París, Francia 
260 |b Hachette 
260 |c 1974 
300 |a 79 páginas 
650 |a LITERATURA FRANCESA 
999 |c 7920  |d 7920 
942 |c 15 D  |h 840 R-1g  |2 z